000 00875nac a22002890a 4500
001 PT43297
003 AR-LpoUNG
005 20210201005434.0
008 201001s1993||||fr |||||||||||||||||fre d
020 _a2130441009
_c$45
040 _aAR-LpoUNG
_bspa
_eaacr
041 _afre
044 _afr
082 0 _aR302.2 523v1
100 1 _aSfez, Lucien
245 1 0 _aDictionnaire critique de la communication :
_bles données de base les théories opérationnelles
260 _aParís :
_bUniversitaires de France,
_c1993.
300 _axvi, 922 p. :
_bil., fot., tbls.
_a(2
_fVolúmenes)
_3Impreso
490 0 _aDictionnaire critique de la communication
650 4 _aCOMUNICACION
650 4 _aDICCIONARIOS
650 4 _aMATERIAL DE REFERENCIA
650 4 _aTERMINOLOGIA
651 4 _aDOCUMENTOS TEORICOS O METODOLOGICOS
905 _a43297
942 _cLSALA
999 _c49557
_d49557